000 00313nam a22001337a 4500
020 _a81-7490-043-8
082 _a823
_bDHI/O
100 _aDHINGRA PUBLISHING HOUSE
245 _aONCE UPON A TIME
260 _aDELHI
_bDHINGRA PUBLISHING HOUSE
300 _a56
650 _aENGLISH SHORT STORY
_zDELHI
942 _cBK
999 _c3584
_d3584